书目信息 |
| 题名: |
新能源汽车构造原理快速入门50天
|
|
| 作者: | 蔡晓兵 , 董光海 主编 | |
| 分册: | ||
| 出版信息: | 北京 机械工业出版社 2021.07 |
|
| 页数: | 12,228页 | |
| 开本: | 26cm | |
| 丛书名: | 汽车维修入门书系 | |
| 单 册: | ||
| 中图分类: | U469.7 | |
| 科图分类: | ||
| 主题词: | 新能源--汽车--构造 | |
| 电子资源: | ||
| ISBN: | 978-7-111-67914-1 | |
| 000 | 01010nam0 2200253 450 | |
| 001 | 2171281802 | |
| 005 | 20211116194806.94 | |
| 010 | @a978-7-111-67914-1@dCNY90.00 | |
| 100 | @a20210813d2021 em y0chiy50 ea | |
| 101 | 0 | @achi |
| 102 | @aCN@b110000 | |
| 105 | @aa z 000yy | |
| 200 | 1 | @a新能源汽车构造原理快速入门50天@f蔡晓兵,董光海主编 |
| 210 | @a北京@c机械工业出版社@d2021.07 | |
| 215 | @a12,228页@c图@d26cm | |
| 225 | 2 | @a汽车维修入门书系 |
| 330 | @a本书9章50个专项内容,以简明扼要的文字配以高清彩色大图,从新能源汽车基础入手详细介绍了新能源汽车构造原理基础、新能源汽车动力电池及管理系统、新能源汽车高压配电系统、新能源汽车充电系统、新能源汽车驱动系统、新能源汽车冷却系统、新能源汽车底盘基本构造、新能源汽车电气等系统的结构、原理、常见车型以上个系统的配置形式及基本维护检查方法。 | |
| 333 | @a新能源汽车维修技术人员 | |
| 606 | 0 | @a新能源@x汽车@x构造 |
| 690 | @aU469.7@v5 | |
| 701 | 0 | @a蔡晓兵@4主编 |
| 701 | 0 | @a董光海@4主编 |
| 801 | 0 | @aCN@b山东中教@c20211112 |
| 905 | @aZUCC@dU469.7@e16 | |
| 新能源汽车构造原理快速入门50天/蔡晓兵,董光海主编.-北京:机械工业出版社,2021.07 |
| 12,228页:图;26cm.-(汽车维修入门书系) |
| 使用对象:新能源汽车维修技术人员 |
| ISBN 978-7-111-67914-1:CNY90.00 |
| 本书9章50个专项内容,以简明扼要的文字配以高清彩色大图,从新能源汽车基础入手详细介绍了新能源汽车构造原理基础、新能源汽车动力电池及管理系统、新能源汽车高压配电系统、新能源汽车充电系统、新能源汽车驱动系统、新能源汽车冷却系统、新能源汽车底盘基本构造、新能源汽车电气等系统的结构、原理、常见车型以上个系统的配置形式及基本维护检查方法。 |
| ● |
| 相关链接 |
|
|
|
正题名:新能源汽车构造原理快速入门50天
索取号:U469.7/16
 
预约/预借
| 序号 | 登录号 | 条形码 | 馆藏地/架位号 | 状态 | 备注 |
| 1 | 2000889591 | 2000889591 | 第三书库/ [索取号:U469.7/16] | 在馆 | |
| 2 | 2000889592 | 2000889592 | 第三书库/ [索取号:U469.7/16] | 在馆 | |
| 3 | 2000889593 | 2000889593 | 第三书库/ [索取号:U469.7/16] | 在馆 |